Schon in den Wind geschrieben? Gedanken über die Mundartdichtung

Titel: Schon in den Wind geschrieben? Gedanken über die Mundartdichtung
Verfasser:
In: ˜Dasœ Ostpreußenblatt, Band 37, Heft 45 (1986), Seite 6
alle Artikel anzeigen
Veröffentlicht: 1986
Format: Aufsatz
Sprache: Deutsch
Kein Bild verfügbar
X
alg: 39189720
001A    $01999:11-11-16 
001B    $01999:16-05-21 $t20:16:56.000 
001C    $06050:19-11-16 $t09:17:45.000 
001D    $01999:11-11-16 
001U    $0utf8 
001X    $00 
002@    $0Aox 
003@    $0391897209 
007A    $0391897209 $aHEB 
007T    $0Herd20343 
010@    $ager 
011@    $a1986 
021A    $aSchon in den Wind geschrieben? Gedanken über die Mundartdichtung 
028A    $aStrehblow $dBarbara 
031A    $d37 $e45 $h6 $j1986 
039B    $aIn $8--Abvc--. Das @Ostpreußenblatt. - Hamburg : Landsmannschaft, 1950-2003. - ISSN 0947-9597 $x198600000370045994 $9047780835 
045F    $a800 $eDDC23BSB 
045F/01 $a800 
045F/03 $g4382 
045F/03 $g43832 
045T    $a7,41 $a8,1 

lok: 39189720 78

exp: 39189720 78 1 #EPN
201B/01 $019-04-17 $t10:52:54.000 
201U/01 $0utf8 
203@/01 $0787992801 
208@/01 $a11-11-16 $be 
209A/01 $a/ $f000 $x00 
220C/01 $aTitelaufnehmer: kl 
244Z/01 $2Trx $#Prusy Wschodnie i Zachodnie $8--Trx--Ost- und Westpreußen $x01 $939113373X 
244Z/01 $2Trx $#lüürika $#lyrika $#Poetry $#líra $#poezja $#lyrika $#lyrika $#Poesie $#Dichtung $#liryka $#básnictvo $#poézia $#básnictví $#poezie $8--Trx--Lyrik $x02 $939135986X 
244Z/01 $2Trx $#murded ja dialektid $#tarmės $#Dialects $#nyelvjárások $#gwary i dialekty $#nárečia a dialekty $#nářečí a dialekty $#Dialekte $#dialekty $#gwary $#nárečia $#dialekty $#nářečí $#dialekty $8--Trx--Mundarten und Dialekte $x03 $9391362488 
244Z/01 $2Trx $8--Trx--Zeitschriftenaufsatz $x04 $9391384341 
245Z/01 $a11.08 $x01 
247C/01 $82080>Marburg/Lahn, Herder-Institut, Forschungsbibliothek, Bibliographieportal $9336309341
LEADER 00000caa a22000002c 4500
001 391897209
003 DE-603
005 20210516201656.0
007 tu
008 161111s1986 xx |||| | u00||u|ger c
035 |a (DE-599)HEB391897209 
040 |a DE-603  |b ger  |c DE-603  |d DE-603 
041 |a ger 
082 0 4 |8 1\u  |a 800  |q DE-101  |2 23/BSB 
084 |a 7,41  |a 8,1  |2 ssgn 
085 |8 1\u  |b 800 
085 |8 1\u  |z 2  |s 4382 
085 |8 1\u  |z 2  |s 43832 
100 1 |a Strehblow, Barbara 
245 0 0 |a Schon in den Wind geschrieben? Gedanken über die Mundartdichtung 
264 0 |c 1986 
773 0 8 |i In  |t ˜Dasœ Ostpreußenblatt  |d Hamburg : Landsmannschaft, 1950-2003  |x 0947-9597  |g Band 37, Heft 45 (1986), Seite 6  |w (DE-603)047780835  |w (DE-600)529299-2 
924 0 |9 2080  |a (DE-603)787992801  |b DE-2080  |c HES  |d d  |g /